000 00642nam a2200229Ia 4500
003 OSt
005 20221002052157.0
006 a|||||r|||| 00| 0
007 ta
008 220930b |||||||| |||| 00| 0 eng d
024 _a41360
037 _cReference Collections
040 _aCRL
_cCRL
_beng
041 _2eng
_aeng
082 _aO111,3wN(Y15), M9(RR)
245 0 _aDictionary of British women writers ed by Janet Todd
260 _aLondon
_bRoutledge
_c1989
300 _a762p
_ccm.
650 _aENGLISH LITERATURE
942 _hO111,3wN(Y15), M9(RR)
_cref
_2CC
999 _c918838
_d918838